The Fresh Prince of Bel Air Quiz - Statistics

General Stats
  • This quiz has been taken 783 times
  • The average score is 6 of 15
Answer Stats
Questions Answer % Correct
Who taught Ashley to play the drums? Jazz
90%
What is Uncle Phil's profession? Lawyer
89%
What nickname did Will give to Geoffrey? G
85%
Who does Jazz want to "get busy" with? Hilary
73%
What does Will call Vivian? Aunt Viv
70%
Who did Will sell Ashley's violin to? The Pawn Shop
38%
Who was Will friend who visited from Philly? Ice Tray
29%
Which of the Smith sisters married a white man? Janice
20%
What is Hilary's famous catch phrase? Daddy I need $300
19%
What was the name of the man she married? Frank
15%
Where did Will win $1000? The country club
12%
Who was Ashley's celebrity crush? Little T
11%
Who is Will's basketball enemy in S2? Marcus
7%
Where did Will first start to work as a waiter? Treasure Island
6%
Who's assistant was Hilary? Marissa Redman
2%
No matching quizzes found
Score Distribution
Percent of People with Each Score
Percentile by Number Answered
Your Score History
You have not taken this quiz